000 00283nam a22001337a 4500
003 OSt
005 20220104143332.0
008 220104b |||||||| |||| 00| 0 eng d
040 _cHU
082 _a005.3042
_b1
100 _aADO
_927109
245 _aAdobe Faq
942 _2ddc
_cBOOKS
_n0
999 _c26004
_d26004